000 00895cab a2200229 4500
001 WB2625-28
008 090401t1990 xxu||||| |||| 00| 0 eng d
035 _a(Sirsi) u70849
041 _aeng
245 _aClaim for injunctive relief
260 _c1990
350 _a0
490 _aTimes
_v28/6/90 p29
520 _aIt was held in Oxy Electric Ltd v Zainuddin and another ChD 13 June 1990, that where a plaintiff`s land had the benefit of a restrictive covenant against the erection of certain types of building, and where it sought an injunction against infringing development, it was justified in attempting to enforce the covenant, being unwilling to accept any compensation in lieu.
650 _aBLUE TOWN INVESTMENTS LTD V HIGGS AND HILL PLC
650 _aCOSTS
650 _aDAMAGES
650 _aINJUNCTIVE RELIEF
690 _aLAND
942 _n0
948 _c04/03/1997
999 _c44627
_d44627